Govt. of
Madhya Pradesh

India's Foreign Policy Towards Resurgence (Record no. 65847)

MARC details
000 -LEADER
fixed length control field 00295nam a22001217a 4500
082 ## - DEWEY DECIMAL CLASSIFICATION NUMBER
Classification number 327/KAT
100 ## - MAIN ENTRY--AUTHOR NAME
Personal name Katoch, Dhruv
245 ## - TITLE STATEMENT
Title India's Foreign Policy Towards Resurgence
260 ## - PUBLICATION, DISTRIBUTION, ETC. (IMPRINT)
Place of publication New Delhi
Name of publisher Pentagon Press
Year of publication 2019
300 ## - PHYSICAL DESCRIPTION
Number of Pages 194
650 ## - SUBJECT ADDED ENTRY--TOPICAL TERM
Topical Term Political Science
942 ## - ADDED ENTRY ELEMENTS (KOHA)
Koha item type Books
Holdings
Withdrawn status Lost status Damaged status Not for loan Home library Current library Date acquired Cost, normal purchase price Full call number Accession Number Price effective from Koha item type
        MACL MACL 31/01/2023 995.00 327/KAT CRE040201 31/01/2023 Books